|
|
|
|
| LEADER |
01512nam a2200349 a 4500 |
| 001 |
37426 |
| 003 |
BD-DhAAL |
| 005 |
20211125162933.0 |
| 008 |
040221s2014 enk b 001 0 eng d |
| 999 |
|
|
|c 42144
|d 42144
|
| 010 |
|
|
|a 2013028127
|
| 020 |
|
|
|a 9780199918096 (hardback : acidfree paper)
|
| 020 |
|
|
|a 9780199918119 (paperback : acidfree paper)
|
| 040 |
|
|
|a DLC
|b eng
|c DLC
|e rda
|d DLC
|d BD-DhAAL
|
| 050 |
0 |
0 |
|a QA76.9.A25
|b S562 2014
|
| 082 |
0 |
0 |
|a 005.8
|2 23
|
| 100 |
1 |
|
|a Singer, P. W.
|q (Peter Warren)
|9 40836
|
| 245 |
1 |
0 |
|a Cybersecurity and cyberwar :
|b what everyone needs to know /
|c P.W. Singer and Allan Friedman.
|
| 260 |
|
|
|a Oxford ;
|a New York :
|b Oxford University Press,
|c c2014
|
| 300 |
|
|
|a viii, 306 pages ;
|c 22 cm.
|
| 504 |
|
|
|a Includes bibliographical references and index.
|
| 526 |
|
|
|a SoL
|
| 541 |
|
|
|a Trim Education
|e 37426
|
| 650 |
|
0 |
|a Computer security
|z United States
|9 40837
|
| 650 |
|
0 |
|a Computer networks
|x Security measures
|z United States.
|9 40838
|
| 650 |
|
0 |
|a Cyberspace
|x Security measures
|z United States.
|9 40839
|
| 650 |
|
0 |
|a Cyberterrorism
|z United States
|x Prevention.
|9 40840
|
| 650 |
|
0 |
|a Information warfare
|z United States
|x Prevention.
|9 40841
|
| 650 |
|
0 |
|a Law.
|9 43213
|
| 852 |
|
|
|a Ayesha Abed Library
|c General Stacks
|
| 942 |
|
|
|2 ddc
|c BK
|
| 952 |
|
|
|0 0
|1 0
|2 ddc
|4 0
|6 005_800000000000000_SIN
|7 0
|9 69136
|a BRACUL
|b BRACUL
|c GEN
|d 2020-12-08
|e Trim Education
|g 1250.00
|l 7
|m 50
|o 005.8 SIN
|p 3010037426
|r 2025-08-19
|s 2025-05-15
|t 1
|v 1250.00
|w 2020-12-08
|y BK
|x Received during COVID-19 pandemic
|